000 00622cam a22002291 4500
001 8480120
005 20180129032816.0
008 720112s1967 ilua b 000 0 eng
010 _a 67014357
035 _a(OCoLC)204181
040 _aDLC
_cOWibfU
_dOCoLC
_dDLC
041 _aeng
042 _apremarc
080 _a658.11 pet
082 _a658.11 pet
100 1 _a53
101 _aman
245 1 0 _aFormal organization;
_c[by] Rocco Carzo, Jr., and John N. Yanouzas.
504 _aBibliographical footnotes.
906 _a7
_bcbc
_coclcrpl
_du
_encip
_f19
_gy-gencatlg
942 _2ddc
_cBK
999 _c41109
_d41109